00820nam a2200241 i 4500001000300000245010900003260005600112300004200168650003400210650001400244700002900258700002200287040000800309041000800317044000800325080001000333080000900343942000700352008004100359999001700400856009800417952006300515bg00aSłownik towaroznawczy.nT. 4,pJ-K /c[red. nacz. Wacław Walewski ; aut. tomu Leon Bagiński et al.]. aWarszawa :bPolskie Wydawnictwa Gospodarcze,c1955. a[6] s., łamy 5-1528 :bil. ;c25 cm. 4aTowaroznawstwoxterminologia. 4aSłowniki1 aWalewski, Wacław.eRed.1 aBagiński, Leon. cBPK apol aPOL a620.2 a(03) cKS110408s1955 pl a |000 0 pol  c49724d49724 uhttp://koha.tu.koszalin.pl/cgi-bin/koha/opac-detail.pl?biblionumber=49724yKatalog online BPK 00104071aBPKbBPKccoS 1582p02511764t0/9(03) E.LyKS